000 00559nam a2200229Ia 4500
003 OSt
005 20221005113632.0
006 a|||||r|||| 00| 0
007 ta
008 221004b |||||||| |||| 00| 0 tam d
024 _a52415
037 _cTextual
040 _aCRL
_cCRL
_btam
041 _2tam
_atam
082 _aWxJ88:g, 31J8
100 _aRajagopalan
_9229349
245 0 _aAatchikkalai
260 _c1956
650 _aPOLITICAL SCIENCE
942 _hWxJ88:g, 31J8
_cTEXL
_2cc
999 _c1028829
_d1028829